000 00620nam a2200217Ia 4500
005 20241129120251.0
008 241129s9999||||xx |||||||||||||| ||und||
020 _a9781666889024
037 _aTB
040 _aSDCL
_beng
_cSDCL
041 _aeng
_2eng
084 _aD6,8(2),9(G) R2
_qSDCL
100 _aArmstrong Keith
_9729546
245 0 _aBioinformatics: From nucleic acids and proteins to cell metabolism
260 _aWilminton
_bKaufman Press
_c2022
300 _axiii,286p.
365 _aUSD
_b220
650 _aBiophysics
942 _cTB
_hD6,8(2),9(G) R2
999 _c1234081
_d1234081